Ministros de Dios, ministros del pueblo : testimonio de 3 sacerdotes en el gobierno revolucionario de Nicaragua /

Obra que reúne las entrevistas realizadas a tres religiosos con cargos públicos en el gobierno sandinista de Nicaragua: los hermanos Ernesto y Fernando Cardenal, y Miguel D’Escoto. Aquí narran sus experiencias y motivos que los impulsaron a participar en la lucha contra el régimen somozista y afilia...

Descrizione completa

Salvato in:
Dettagli Bibliografici
Autore principale: Cabestrero, Teófilo (autor)
Natura: Libro
Lingua:spagnolo
Pubblicazione: Managua, Nicaragua : Ministerio de Cultura 1985, c1985
Soggetti:
Tags: Aggiungi Tag
Nessun Tag, puoi essere il primo ad aggiungerne!!

MARC

LEADER 00000nam^a2200000^a^4500
001 000187918
005 20250521000000.0
009 20260310102317.784
037 |a Acervo ITESO - Biblioteca 
041 |a ESP 
082 |a 320. 97285053  |b CAB 
100 |a Cabestrero, Teófilo  |e (autor) 
245 1 0 |a Ministros de Dios, ministros del pueblo :  |b testimonio de 3 sacerdotes en el gobierno revolucionario de Nicaragua /  |c T. Cabestrero. 
264 4 |a Managua, Nicaragua :  |b Ministerio de Cultura  |c 1985, c1985 
300 |a 165 p. 
336 |a texto  |b txt  |2 rdacontenido 
337 |a sin mediación  |b n  |2 rdamedio 
338 |a volumen  |b nc  |2 rdasoporte 
520 |a Obra que reúne las entrevistas realizadas a tres religiosos con cargos públicos en el gobierno sandinista de Nicaragua: los hermanos Ernesto y Fernando Cardenal, y Miguel D’Escoto. Aquí narran sus experiencias y motivos que los impulsaron a participar en la lucha contra el régimen somozista y afiliarse al Frente Sandinista de Liberación Nacional, organización política que alcanzó el poder en 1979. 
649 |a XX 
650 |a Ministros de Estado Nicaragüenses -  |x Entrevistas 
650 |a Ministros Religiosos Nicaragüenses -  |x Entrevistas 
650 |a Revolucionarios Nicaragüenses -  |x Entrevistas 
650 |a Políticos Nicaragüenses -  |x Entrevistas 
650 |a Iglesia Católica en Nicaragua -  |x Historia -  |y Régimen Sandinista, 1979-1990 
650 |a Iglesia y Estado -  |z Nicaragua 
650 |a Política -  |z Nicaragua -  |x Historia -  |y Régimen Sandinista, 1979-1990 
650 |a Política -  |z Nicaragua -  |x Historia -  |y Siglo XX 
650 |a Nicaragua -  |x Condiciones Sociales y Culturales 
650 |a Nicaragua -  |x Condiciones Políticas 
650 |a Cardenal, Ernesto -  |x Tema Principal 
650 |a Cardenal, Fernando -  |x Tema Principal 
650 |a D'Escoto Brockmann, Miguel -  |x Tema Principal 
910 |a Fondo General 
920 |a Impresos - Libros 
930 |a Colección General 
905 |a 101 
901 |a 0500130124  |b IT1  |c ACC  |u 20250521 
902 |a https://opac.biblio.iteso.mx/vufind/Record/000187918